000 00223nam a22000857a 4500
008 160915b xxu||||| |||| 00| 0 eng d
100 _9495
_aKumar.P
245 _aMathametics-IX,X
260 _aNew Delhi
_bS. Chand Publications
_c2011
999 _c3152
_d3152